00211nam a2200085Ia 4500008004100000100001000041245003600051260002900087260000900116180219s9999 xx 000 0 und d aSingh 0aShiksha Ke Samajshastriya Adhar aAgarwal Publication Agra c2014